000 00547nam a2200229Ia 4500
003 OSt
005 20220918191334.0
006 a|||||r|||| 00| 0
007 ta
008 220917b |||||||| |||| 00| 0 eng d
024 _a62,690
037 _cTextual
040 _aARTS
_cARTS
_beng
041 _2eng
_aeng
082 _aRv1:N2, G3
100 _aAlpern Henry
_975778
245 0 _aMarch of philosophy
260 _c1933
650 _aPHILOSOPHY
942 _hRv1:N2, G3
_cTEXL
_2CC
999 _c189354
_d189354